000
00317nam a2200133Ia 4500
005
20251222155039.0
008
251222s9999||||xx |||||||||||||| ||spa||
082
_a
AFIS 08
100
_a
VIDAL, Jorge,
245
0
_a
Anatomía Fisiología e Higiene
250
_a
34va. ed.
264
_b
Editial Bruño
942
_c
LIB
999
_c
36856
_d
36856